| 000 | 00972nam a2200289 i 4500 | ||
|---|---|---|---|
| 003 | EG-GICUC | ||
| 005 | 20260212123932.0 | ||
| 008 | 260212s1896 uk ||||fr|||| 000 0 eng d | ||
| 040 |
_aEG-GiCUC _beng _cEG-GiCUC _dEG-GiCUC _eRda |
||
| 082 | 0 | 4 |
_221 _a341 _bDE . E |
| 092 | 0 | 4 | _221 |
| 099 | _aLaw1 11 341 DE . E 1896 | ||
| 100 | 1 |
_aDespagnet, Frantz _eAuteur |
|
| 245 | 1 | 0 |
_aEssai Sur Les Protectorats : _bÉtude De Droit International / _cFrantz Despagnet. _n |
| 264 | 1 |
_aParis : _bLibrairie De La Société Du Recueil General Des Lois Et Des Arrets, _c1896. |
|
| 300 |
_a438page : _billustration ; _c 24 cm. |
||
| 336 |
_2rda contenu _a texte |
||
| 337 |
_2rda medias _aOrdinateur |
||
| 338 |
_2 transporteur rda _a Ressource en ligne |
||
| 504 | _a | ||
| 546 | _aTexte en français | ||
| 650 | 1 | 4 |
_aDroit international public _2 |
| 651 | 1 | _2 | |
| 856 | 4 | 0 | _uhttps://fll.law.cu.edu.eg/fulltext/bks/B11-07321.pdf |
| 905 | _a50 | ||
| 942 |
_2ddc _cBK _e21 _n0 |
||
| 999 |
_c62772 _d62772 |
||